LEADER 01274nam a2200289 u 4500 001 000000054953 003 CaOOAMICUS 005 20070226115730.0 008 010111s1958 it u000 u ita u 035 $a10865291 040 $aPUL(R)$bita 041 1 $aita$hlat 100 0 $aThomas Aquinas,$cs.,$dc. 1225-1274.$0(OLS)http://pul/name/3373 240 10$aGruppi, scelte$9(Thomas Aquinas, s., c. 1225-1274).$lItaliano.$0(OLS)http://pul/title/12308 245 13$aIl maestro :$bestratti dalla Summa teologica e dalle Questioni de veritate, /$cS. Tommaso d'Aquino ; [traduzione e commento di Giuseppe Muzio]. 250 $a2. ed. 260 $aRoma :$bEd. Paoline,$c1958. 300 $a139 p. ;$c20 cm 500 $aIl nome del curatore sulla cop. 700 1 $aMuzio, Giuseppe.$0(OLS)http://pul/name/507 850 $aPUL 852 $aPUL$W1$xDP1 Fondo Giannini$y60$m1560 E 50$j72313$nBK-PRI$b $qFondi$B72313$CPULBib$Z2$F72313 $H $81 900 $aTommaso d'Aquino,$cs.,$dc.1225-1274$93373 941 1 $a1 961 $aINV: Fondo G. Giannini 996 $6245$aIl maestro :$bestratti dalla Summa teologica e dalle Questioni de veritate,$9(OLS)http://pul/title/73646 996 $6260$aRoma :$bEd. Paoline$9(OLS)http://pul/publisher/48300 LEADER 01068nam a2200229 a 4500 001 000000169510 003 CaOOAMICUS 005 20180926131053.0 008 180926s1925 fr 000 u fre r 032 $aLibriCat 040 $aPul$bita 100 1 $aJeanroy, Alfred.$0(OLS)http://pul/name/109114 245 14$aLes origines de la poesie lyrique en France au Moyen Age :$betudes de litterature francaise et comparee suivies de textes inedits / $cpar Alfred Jeanroy . 260 $aParis :$bChampion,$cİ1925. 300 $axxvii, 540 p. ; $c26 cm. 650 4$aPoesia francese.$0(OLS)http://pul/subject/45419 850 $aPUL 852 $aPUL$W1$xDP1 Fondo Dalla Palma$y117$m9 F 52$j15721$qFondi$B197514$CPULBib$Z2$F197514 $HDal487 $81 941 1 $a1 996 $6245$aLes origines de la poesie lyrique en France au Moyen Age :$betudes de litterature francaise et comparee suivies de textes inedits / $9(OLS)http://pul/title/210116 996 $6260$aParis :$bChampion$9(OLS)http://pul/publisher/49327